Responses for Show #8893 - Wednesday, June 14, 2023

Suresh Krishnan game 7.

Contestants

[<< previous game]

Neilay Amin, a psychiatrist from Harrisburg, Pennsylvania

Holly Hassel, an English professor from Fargo, North Dakota

Suresh Krishnan, a networking engineer from Suwanee, Georgia (whose 6-day cash winnings total $96,595)

[next game >>]

Jeopardy! Round responses

GO, CANADA
A NOVEL CATEGORY
3-, 4- OR 5-LETTER WORDS
RANDOM STUFF
HOLIDAYS & OBSERVANCES
A CHORUS LINE
(Mayim: You'll name the artist, be it singer or group.)
    $200 1
Toronto

Neilay
    $200 6
To Kill a Mockingbird

Holly
    $200 11
a vow

Holly
    $200 21
the duck-billed platypus

Neilay
    $200 26
Ramadan

Holly
    $200 16
the Village People

Suresh
    $400 2
the Yukon

Suresh
    $400 7
(Neilay: What is curling?)

hockey

Neilay
Triple Stumper
    $400 12
heavy

Holly
    $400 22
(Holly: What is a clarinet?)

an oboe

Holly
Triple Stumper
    $400 27
Memorial Day

Triple Stumper
    $400 17
Gwen Stefani

Neilay
    $600 3
Beaver Lake

Suresh
    $600 8
The Cardinal of the Kremlin

Triple Stumper
    $600 13
(Neilay: What is pelt?)

harry

Neilay
Triple Stumper
    $600 23
Adobe

Holly
    $1,600 28
Ash Wednesday

Holly
    $600 18
Peter Gabriel

Holly
    $800 4
(Neilay: What is Manitoba?)

Calgary

Neilay
Triple Stumper
    $800 9
The Remains of the Day

Holly
    $800 14
iota

Neilay
    $800 24
Wisdom

Triple Stumper
    $800 29
Purim

Triple Stumper
    $800 19
Katy Perry

Suresh
    $1000 5
(Suresh: What is Denali?)

Mount Logan

Suresh
Triple Stumper
    $1000 10
Celeste Ng

Triple Stumper
    $1000 15
hone

Holly
    $1000 25
the Missouri

Suresh
    $1000 30
Guy Fawkes Day

Neilay
    $1000 20
(Mayim: That is Robert Smith from [*].)

The Cure

Triple Stumper

Scores at the first commercial break (after clue 15):

Suresh Holly Neilay
$0 $2,600 -$800

Scores at the end of the Jeopardy! Round:

Suresh Holly Neilay
$2,000 $5,200 $800

Double Jeopardy! Round responses

UNESCO WORLD HERITAGE SITES
GIMME 5
"M"PIRES
LATINO ACTORS & ACTRESSES
MEDICINE
J NOT SOUNDING LIKE JUH
    $400 1
Buddha

Suresh
    $400 6
center

Neilay
    $400 11
Mongolian

Neilay
    $400 17
Vergara

Suresh
    $400 16
coughing

Holly
    $400 22
Bjorn

Suresh
    $800 2
(Suresh: What is Constantinople?)

Troy

SureshNeilay
    $800 7
Moses

Neilay
    $800 12
(the) Maya(n) (Empire)

Neilay
    $800 27
(Jenna) Ortega

Neilay
    $800 18
anemia

Neilay
    $800 23
fajitas

Neilay
    $1200 3
Spa

Triple Stumper
    $1200 8
(Neilay: Who is Zeppo?)

Groucho

HollyNeilay
    $1200 13
Mali

Neilay
    $1200 28
(Benjamin) Bratt

Holly
    $4,800 19
referred

Neilay
    $4,000 24
(Neilay: Ooh, I am not sure.)

Don Juan

Neilay
    $1600 4
the Grand Canal

Suresh
    $1600 9
Staten Island

Suresh
    $1600 14
Macedonia

Suresh
    $1600 29
(Pedro) Pascal

Neilay
    $1600 20
the parotid glands

Neilay
    $1600 25
Jarlsberg

Triple Stumper
    $2000 5
(Suresh: What is Okinawa?)

Kyushu

Suresh
Triple Stumper
    $2000 10
Nikolai Rimsky-Korsakov

Triple Stumper
    $2000 15
Ming

Suresh
    $2000 30
Leguizamo

Holly
    $2000 21
Thorazine

Neilay
    $2000 26
(Suresh: Who is Jung?)

Jungian

SureshHolly

Scores at the end of the Double Jeopardy! Round:

Suresh Holly Neilay
$5,200 $12,000 $12,400

[wagering suggestions for these scores]

Final Jeopardy! Round responses

TV & FILM CHARACTERS
(Mayim: Correct response--"Who is [*]?"--who joined the original Star Trek in Season 2.)
SureshWho is Love Mom Dad Hema ♡ Sanyu Sanju?
$0
HollyWho is Kojak?
$1,500
NeilayWho ?
$11,601
Chekov

Final scores:

Suresh Holly Neilay
$5,200 $10,500 $799
2nd place: $2,000 New champion: $10,500 3rd place: $1,000

Game dynamics:

Coryat scores:

Suresh Holly Neilay
$5,200 $11,000 $12,800
12 R,
4 W
14 R
(including 1 DD),
1 W
18 R
(including 1 DD),
5 W
(including 1 DD)

Combined Coryat: $29,000

[game clues] [game scores] [suggest correction]

Game tape date: 2023-04-04
The J! Archive is created by fans, for fans. Scraping, republication, monetization, and malicious use prohibited; this site may use cookies and collect identifying information. See terms. The Jeopardy! game show and all elements thereof, including but not limited to copyright and trademark thereto, are the property of Jeopardy Productions, Inc. and are protected under law. This website is not affiliated with, sponsored by, or operated by Jeopardy Productions, Inc. Join the discussion at JBoard.tv.